North American Pro Sports Teams – Sudden Death - Statistics

General Stats
  • This quiz has been taken 54,458 times
    48,368 since last reset
  • The average score is 16 of 22
Answers on the Grid
Answers color-coded by a green-red scale on the quiz's grid according to % correct below.
Black Sox
Blue Jackets
Browns
Buccaneers
Canucks
Cardinals
Cavaliers
Chargers
Colonels
Comets
Devils
Dogs
Dragons
Falcons
Guardians
Hawks
Kraken
Maple Leafs
Mavericks
Mets
Monarchs
Orange
Outlaws
Padres
Pelicans
Pioneers
Raptors
Red Sox
Skeletons
Snatchers
Steelers
Tidal Waves
Timberwolves
Trail Blazers
Tsunami
Wolverines
 
Answer Stats
Answer % Correct
Cardinals
87%
Buccaneers
86%
Cavaliers
85%
Browns
83%
Chargers
83%
Mets
79%
Mavericks
78%
Red Sox
78%
Falcons
76%
Hawks
75%
Maple Leafs
72%
Steelers
72%
Raptors
71%
Timberwolves
71%
Canucks
70%
Pelicans
69%
Padres
68%
Trail Blazers
68%
Devils
61%
Kraken
61%
Guardians
60%
Blue Jackets
59%
No matching quizzes found
Score Distribution
Percent of People with Each Score
Percentile by Number Answered
Your Score History
You have not taken this quiz since the last reset